[Event "TCh-SVK Extraliga 2012-13"]
[Site "Slovakia SVK"]
[Date "2013.03.03"]
[Round "11.6"]
[White "Banas,K"]
[Black "Najgebauer,S"]
[Result "0-1"]
[WhiteElo "2228"]
[BlackElo "2187"]

1.e4 c5 2.c3 Nf6 3.e5 Nd5 4.d4 cxd4 5.Nf3 Nc6 6.cxd4 d6 7.Bc4 Nb6 8.Bb3 Bf5
9.Nc3 e6 10.O-O d5 11.Ne1 Rc8 12.Be3 Na5 13.Qe2 Be7 14.g4 Bg6 15.f4 Qd7 16.Qf2 Nac4
17.Ng2 f5 18.exf6 Bxf6 19.Rad1 O-O 20.Bc1 Nd6 21.f5 exf5 22.g5 Be7 23.Nxd5 Nxd5
24.Bxd5+ Kh8 25.Nf4 Bf7 26.Bxf7 Rxf7 27.g6 Ne4 28.Qe2 Rf6 29.gxh7 Bd6 30.Qh5 Qf7
31.Qxf7 Rxf7 32.Rd3 Rxc1 33.Rxc1 Bxf4 34.Rf1 g5 35.h4 Rg7 36.Kg2 gxh4+ 37.Kf3 Nd2+
38.Kxf4 Nxf1 39.d5 Ng3 40.d6 Rd7 41.Ke5 Ne4 42.Kxf5 Rxd6 43.Rh3 Ng3+ 44.Kg5 Rd4
45.Rxh4 Rxh4 46.Kxh4 Ne2 47.Kg5 Nc1 48.a3 Nd3 49.b3 Nc5 50.b4 Na4 51.Kf6 b5
52.Ke5 Nc3 53.Kd4 Nb1 54.a4 bxa4 55.b5 a3  0-1

[Event "29th ChessOrg Open"]
[Site "Bad Woerishofen GER"]
[Date "2013.03.06"]
[Round "6.11"]
[White "Karpatchev,A"]
[Black "Felgendreher,Heiko"]
[Result "1-0"]
[WhiteElo "2487"]
[BlackElo "2208"]

1.e4 c5 2.c3 Nf6 3.e5 Nd5 4.Nf3 Nc6 5.Bc4 Nb6 6.Bb3 d5 7.exd6 Qxd6 8.Na3 a6
9.O-O Bf5 10.d4 cxd4 11.cxd4 e6 12.Be3 Be7 13.Ne5 Rc8 14.Nac4 Nxc4 15.Nxc4 Qb8
16.Nb6 Rd8 17.d5 O-O 18.Qh5 Na5 19.Ba4 g6 20.Qf3 e5 21.Rfd1 Rd6 22.b4 Rxb6
23.Bxb6 Bxb4 24.d6 Nc4 25.Bc7 Qc8 26.Qb3 Bxd6 27.Bxd6 Nxd6 28.Rxd6 b5 29.Bxb5 axb5
30.Qxb5 Qc3 31.Rdd1 Rc8 32.a4 e4 33.Qe2 Qa5 34.Qd2 Qa6 35.a5 Re8 36.Qd6 Qe2
37.Re1 Qb2 38.Qa3 Qf6 39.a6 Bd7 40.a7 Bc6 41.Qa6  1-0

[Event "Karpos Open 2013"]
[Site "Skopje MKD"]
[Date "2013.03.09"]
[Round "1.22"]
[White "Spirliadis,A"]
[Black "Palac,M"]
[Result "0-1"]
[WhiteElo "2076"]
[BlackElo "2572"]

1.e4 c5 2.c3 Nf6 3.e5 Nd5 4.d4 cxd4 5.Nf3 Nc6 6.cxd4 d6 7.Bc4 Nb6 8.Bxf7+ Kxf7
9.e6+ Kxe6 10.Ng5+ Kd7 11.Nf7 Qe8 12.Nxh8 e6 13.Qd3 g6 14.Qh3 Bg7 15.Qxh7 Qxh8
16.Qxg6 Bxd4 17.Qf7+ Ne7 18.Nd2 Qe5+ 19.Kd1 Qf5 20.Qxf5 exf5 21.Nf3 Bh8 22.Be3 Nc6
23.Rb1 Na4 24.Kc2 b5 25.Rhd1 Bb7 26.Bf4 Nb4+ 27.Kb3 Nd3 28.Bxd6 Naxb2 29.Be5 Bd5+
30.Kc3 Rc8+ 31.Kd4 Bxf3 32.Rxd3 Bxe5+ 33.Kxe5+ Nxd3+ 34.Kd4 Rc4+ 35.Ke3 Bxg2
36.Rxb5 Be4 37.f3 f4+ 38.Kd2 Rc5 39.Rb8 Bf5 40.Rb7+ Rc7 41.Rb5 Ke6  0-1

[Event "Karpos Open 2013"]
[Site "Skopje MKD"]
[Date "2013.03.09"]
[Round "1.8"]
[White "Stamnov,A"]
[Black "Stevic,H"]
[Result "0-1"]
[WhiteElo "2156"]
[BlackElo "2620"]

1.e4 c5 2.c3 Nf6 3.e5 Nd5 4.d4 cxd4 5.Nf3 Nc6 6.cxd4 d6 7.Bc4 Nb6 8.Bb5 Bd7
9.Nc3 dxe5 10.Nxe5 Nxe5 11.dxe5 Bxb5 12.Qxd8+ Rxd8 13.Nxb5 a6 14.Nc3 e6 15.O-O Nc4
16.f4 Bb4 17.Na4 b5 18.a3 Ba5 19.b3 Nd2 20.Bxd2 Bxd2 21.Nb2 Bc3 22.Rab1 Rd2
23.Rfc1 Bd4+ 24.Kh1 O-O 25.Nd1 f6 26.exf6 Rxf6 27.Rc8+ Rf8  0-1

[Event "Karpos Open 2013"]
[Site "Skopje MKD"]
[Date "2013.03.09"]
[Round "1.32"]
[White "Minas,I"]
[Black "Saric,A"]
[Result "0-1"]
[WhiteElo "2019"]
[BlackElo "2549"]

1.e4 c5 2.c3 Nf6 3.e5 Nd5 4.d4 cxd4 5.Nf3 Nc6 6.cxd4 d6 7.Bc4 e6 8.O-O Be7
9.Qe2 O-O 10.a3 Bd7 11.Qe4 Rc8 12.Bd3 f5 13.exf6 Nxf6 14.Qe1 Qe8 15.Nc3 d5
16.Bd2 Bd6 17.Nb5 Bb8 18.Bb4 Nxb4 19.Qxb4 Qh5 20.Ne5 Bxe5 21.dxe5 Ng4 22.h3 Nxe5
23.Rfd1 Nxd3 24.Rxd3 Qe2  0-1

[Event "Blackpool Congress 2013"]
[Site "Blackpool ENG"]
[Date "2013.03.10"]
[Round "5.8"]
[White "Surtees,M"]
[Black "Garnett,J"]
[Result "1-0"]
[WhiteElo "2112"]
[BlackElo "2028"]

1.e4 c5 2.c3 Nf6 3.d3 Nc6 4.f4 d6 5.Na3 g6 6.g3 Bg7 7.Bg2 O-O 8.h3 Bd7 9.Ne2 Rb8
10.Nc2 b5 11.d4 e6 12.dxc5 dxc5 13.Be3 Qe7 14.e5 Ne8 15.Bxc5 Qxc5 16.Qxd7 Ne7
17.b4 Qc7 18.Qxc7 Nxc7 19.a4 f6 20.axb5 fxe5 21.Rxa7 Ncd5 22.c4 Nc8 23.Rxg7+ Kxg7
24.cxd5 exd5 25.fxe5 Re8 26.O-O Rxe5 27.Ncd4 Ne7 28.Rc1 Rb6 29.Rc5 Kf6 30.Nc3 Rd6
31.Nc6 Re3 32.Nxe7 d4 33.Ned5+ Kf7 34.Nxe3 dxe3 35.Bd5+  1-0

[Event "Karpos Open 2013"]
[Site "Skopje MKD"]
[Date "2013.03.10"]
[Round "2.16"]
[White "Ali Marandi,C"]
[Black "Kozul,Z"]
[Result "1/2-1/2"]
[WhiteElo "2371"]
[BlackElo "2608"]

1.e4 c5 2.c3 Nf6 3.e5 Nd5 4.d4 cxd4 5.cxd4 d6 6.Nf3 e6 7.Bc4 Be7 8.O-O O-O
9.a3 b6 10.Qe2 Bb7 11.Bd2 Nd7 12.Re1 Rc8 13.Bd3 dxe5 14.Nxe5 Nxe5 15.dxe5 g6
16.Nc3 Nxc3 17.Bxc3 Qd5 18.Be4 Qxe4 19.Qxe4 Bxe4 20.Rxe4 Rfd8 21.Kf1 Rd5
22.Ree1 Rcd8 23.Ke2 Bc5 24.b4 Bd4 25.Bxd4 Rxd4 26.Rad1 g5 27.Rxd4 Rxd4 28.Ke3 Rd5
29.Ke4 Rd2 30.Kf3 Ra2 31.Re3 a5 32.bxa5 bxa5 33.Rd3 h5 34.h3 Kg7 35.g4 h4
36.Ke3 Kg6 37.Rc3 a4 38.Rd3 Ra1 39.Kd4 f5 40.exf6 Kxf6 41.Ke4 Rc1 42.Rf3+ Ke7
43.Rd3 Rc2 44.Ke3 e5 45.Rd5 Rc3+ 46.Ke4 Rxh3 47.f3 Rh1 48.Rxe5+ Kf6 49.Rf5+ Kg6
50.Ra5 Re1+ 51.Kd4 h3 52.Ra6+ Kg7 53.Ra7+ Kf6 54.Rh7 Rh1 55.Ke3 Ra1 56.Ke4 Re1+
57.Kd4 Rh1 58.Ke3 Ke5 59.Kf2 Ra1 60.Kg3 Rxa3 61.Rxh3 Rc3 62.Rh5 Kf6  1/2-1/2

[Event "FSGM March 2013"]
[Site "Budapest HUN"]
[Date "2013.03.11"]
[Round "9.5"]
[White "Manca,F"]
[Black "Kalegin,E"]
[Result "1/2-1/2"]
[WhiteElo "2411"]
[BlackElo "2462"]

1.e4 c5 2.c3 Nf6 3.e5 Nd5 4.Nf3 e6 5.d4 cxd4 6.cxd4 d6 7.Bc4 Nc6 8.O-O Be7
9.Qe2 O-O 10.Nc3 dxe5 11.dxe5 Nxc3 12.bxc3 Qa5 13.Bd2 Rd8 14.Rfe1 Bd7 15.Bb3 Be8
16.Bc2 g6 17.a4 Qc5 18.Rab1 Na5 19.c4 b6 20.Bb4 Qc7 21.Qe3 Bxb4 22.Rxb4 Qc5
23.Qc3 h6 24.Be4 Rac8 25.Rc1 Nxc4 26.Qe1 b5 27.axb5 Bxb5 28.h4 h5 29.Bxg6 fxg6
30.Qe4 Kg7 31.Qb7+ Rd7 32.Qxb5 Qxb5 33.Rxb5 Kf7 34.Rb3 Rdc7 35.Rbc3 Rc6 36.Nd4 Rc5
37.Nb3 R5c6 38.Nd4 Rc5 39.Nb3 R5c6 40.Nd4  1/2-1/2

[Event "Karpos Open 2013"]
[Site "Skopje MKD"]
[Date "2013.03.11"]
[Round "4.53"]
[White "Haznedaroglu,K"]
[Black "Vucinic,G"]
[Result "1-0"]
[WhiteElo "2428"]
[BlackElo "2253"]

1.e4 c5 2.c3 Nf6 3.e5 Nd5 4.Nf3 e6 5.d4 cxd4 6.cxd4 d6 7.a3 Be7 8.Bd3 Nc6
9.O-O O-O 10.Qe2 dxe5 11.dxe5 Qa5 12.Bd2 Qa4 13.Nc3 Nxc3 14.Bxc3 Rd8 15.b4 Nb8
16.Rfd1 g6 17.Nd2 Bd7 18.Ne4 Bc6 19.Nf6+ Kg7 20.Bc2 Qa6 21.Qg4 Nd7 22.Qh4 h6
23.Rd3 Bf8 24.Qxh6+ Kxh6 25.Rh3+ Kg5 26.Bd2+  1-0

[Event "Karpos Open 2013"]
[Site "Skopje MKD"]
[Date "2013.03.11"]
[Round "4.11"]
[White "Salgado Lopez,I"]
[Black "Nedev,Tr"]
[Result "1-0"]
[WhiteElo "2619"]
[BlackElo "2506"]

1.e4 c5 2.c3 Nf6 3.e5 Nd5 4.d4 cxd4 5.cxd4 d6 6.Nf3 Nc6 7.Bc4 e6 8.O-O Be7
9.Bd2 O-O 10.Nc3 dxe5 11.dxe5 Nb6 12.Bb3 Nd4 13.Be3 Nf5 14.Qe2 Nxe3 15.Qxe3 Bd7
16.Rfd1 Qe8 17.a4 Bc6 18.a5 Nd7 19.Nd4 Bc5 20.Bc2 Rd8 21.b4 Bxb4 22.Nxc6 Bxc3
23.Nxd8 Bxa1 24.Qd3  1-0

[Event "Karpos Open 2013"]
[Site "Skopje MKD"]
[Date "2013.03.13"]
[Round "6.50"]
[White "Steil Antoni,F"]
[Black "Zozulia,A"]
[Result "1/2-1/2"]
[WhiteElo "2152"]
[BlackElo "2336"]

1.e4 c5 2.c3 Nf6 3.e5 Nd5 4.d4 cxd4 5.cxd4 e6 6.Nc3 Nxc3 7.bxc3 Qc7 8.Bd2 d6
9.f4 g5 10.g3 gxf4 11.gxf4 dxe5 12.fxe5 Bd7 13.Nf3 Rg8 14.Bd3 Bc6 15.Qe2 h6
16.Kf2 Nd7 17.a4 O-O-O 18.a5 Be7 19.a6 b6 20.Rhg1  1/2-1/2

[Event "I Montcada Closed"]
[Site "Montcada i Reixac ESP"]
[Date "2013.03.15"]
[Round "7.5"]
[White "Asis Gargatagli,H"]
[Black "Cruz,Cr"]
[Result "1/2-1/2"]
[WhiteElo "2456"]
[BlackElo "2505"]

1.e4 c5 2.c3 Nf6 3.e5 Nd5 4.Nf3 e6 5.d4 cxd4 6.cxd4 d6 7.Bc4 Nb6 8.Bd3 Bd7
9.O-O Bc6 10.Nc3 N8d7  1/2-1/2

[Event "TCh-SWE Elite 2012-13"]
[Site "Sweden SWE"]
[Date "2013.03.15"]
[Round "7"]
[White "Brustkern,J"]
[Black "Smith,Ax"]
[Result "0-1"]
[WhiteElo "2237"]
[BlackElo "2484"]

1.e4 c5 2.c3 Nf6 3.e5 Nd5 4.d4 cxd4 5.Nf3 Nc6 6.cxd4 d6 7.Bc4 dxe5 8.dxe5 Nb6
9.Qxd8+ Nxd8 10.Bb5+ Bd7 11.Nc3 a6 12.Bxd7+ Nxd7 13.O-O e6 14.Rd1 Nc6 15.Bf4 h6
16.h4 Be7 17.h5 Rd8 18.Ne4 Nb4 19.Bd2 Nd5 20.Rac1 O-O 21.Kf1 Rc8 22.Ke2 Rfd8
23.g3 Kf8 24.Ba5 b6 25.Bd2 Nc5 26.Nxc5 Rxc5 27.Rxc5 Bxc5 28.a3 Ke8 29.Rc1 Kd7
30.Rc4 Rc8 31.Rg4 Bf8 32.Kd3 b5 33.Nd4 Nb6 34.b3 Ke8 35.f4 Nd7 36.Bb4 Rc1
37.Kd2 Rh1 38.f5 Rxh5 39.fxe6 Nxe5 40.exf7+ Nxf7 41.Bxf8 Kxf8 42.Ne6+ Ke7
43.Nxg7 Rh2+ 44.Kc3 Nd6 45.Rg6 a5 46.Re6+ Kd7 47.Re3 Ra2 48.Re6 Rxa3 49.Kb2 b4
50.Rxh6 a4 51.bxa4 Nc4+ 52.Kb1 Rb3+ 53.Ka1 Ra3+ 54.Kb1 Rb3+ 55.Kc1 Rc3+ 56.Kb1 b3
57.Rh4 Nd2+ 58.Ka1 Rc1+ 59.Kb2 Rc2+ 60.Ka3 Ra2+ 61.Kb4 b2 62.Rd4+ Kc6  0-1

[Event "Karpos Open 2013"]
[Site "Skopje MKD"]
[Date "2013.03.16"]
[Round "9.44"]
[White "Hadzimanolis,A"]
[Black "Dancevski,O"]
[Result "1/2-1/2"]
[WhiteElo "2289"]
[BlackElo "2395"]

1.e4 c5 2.c3 Nf6 3.e5 Nd5 4.d4 cxd4 5.cxd4 d6 6.Nf3 Nc6 7.Bc4 e6 8.O-O Be7
9.Qe2 O-O 10.Qe4 Ndb4 11.exd6 Qxd6 12.Nc3 Na5 13.Bf4 Qc6 14.Qxc6 bxc6 15.Be2 Ba6
16.Bxa6 Nxa6 17.Na4 Rac8 18.Rfc1 Nb7 19.Ne5 c5 20.Be3 Rfd8 21.dxc5 Nbxc5
22.Nxc5 Bxc5 23.Bxc5 Rxc5 24.Nc6 Rd2 25.Nb4 Rxc1+ 26.Rxc1 Nc7 27.g3 Ne8 28.Rc8 Kf8
29.b3 a5 30.Na6 Ke7 31.a4 Nd6 32.Rc7+ Kf6 33.Nc5 Ke5 34.Nb7 Nxb7 35.Rxb7  1/2-1/2

[Event "Karpos Open 2013"]
[Site "Skopje MKD"]
[Date "2013.03.16"]
[Round "9.14"]
[White "Can,E"]
[Black "Brkic,A"]
[Result "1/2-1/2"]
[WhiteElo "2474"]
[BlackElo "2584"]

1.e4 c5 2.c3 Nf6 3.e5 Nd5 4.d4 cxd4 5.Nf3 Nc6 6.cxd4 d6 7.Bc4 Nb6 8.Bb5 dxe5
9.Nxe5 Bd7 10.Nc3 e6 11.O-O Bd6 12.Nxd7 Qxd7 13.Qg4 f5 14.Qh5+ g6 15.Qf3 a6
16.Bxc6 Qxc6 17.Qxc6+ bxc6 18.Ne2 Nd5 19.Bd2 Kd7 20.Nc1 c5 21.dxc5 Bxc5 22.Nd3 Bd6
23.Rfe1 Rac8 24.Rac1 Rxc1 25.Rxc1 Rc8 26.Rxc8 Kxc8 27.f4 Kd7 28.Kf2 Kc6 29.g3 Nf6
30.Ke2 Ng4 31.h3 Nf6 32.Bb4 Bc7 33.Kf3 Ne4 34.h4 Kd5 35.Be1 a5 36.Nf2 Nxf2
37.Kxf2 Kc4 38.Ke2 a4 39.Kd2 e5 40.fxe5 Bxe5 41.Kc2 h5 42.b3+ axb3+ 43.axb3+ Kd5
44.Kd3 f4 45.gxf4  1/2-1/2

[Event "3rd HD Bank Cup 2013"]
[Site "Ho Chi Minh City VIE"]
[Date "2013.03.21"]
[Round "5.32"]
[White "Yeoh,L"]
[Black "Nguyen,Anh Khoi"]
[Result "1/2-1/2"]
[WhiteElo "2278"]
[BlackElo "1995"]

1.e4 c5 2.c3 Nf6 3.e5 Nd5 4.d4 cxd4 5.cxd4 e6 6.Nf3 b6 7.Nc3 Nxc3 8.bxc3 Qc7
9.Bd2 Bb7 10.Bd3 d6 11.O-O Nd7 12.Re1 dxe5 13.Nxe5 Nxe5 14.Rxe5 Bd6 15.Rh5 g6
16.Rh3 O-O-O 17.a4 g5 18.Rh5 Bf4 19.a5 h6 20.Rb1 Bxd2 21.Qxd2 bxa5 22.Rh3 Rd6
23.Bf1 Rb6 24.Ra1 Rb3 25.Re3 Rd8 26.c4 Rb4 27.Rea3 Qf4 28.Qxf4 gxf4 29.Rxa5 Rxd4
30.Rxa7 f3 31.gxf3 Bxf3 32.h3 Rb7 33.Kh2 h5 34.R7a3 Bc6 35.Ra6 Bf3 36.Kg3 Be4
37.f3 Bg6 38.h4 Rc7 39.Ra8+ Kd7 40.R1a4 Rd1 41.Kf2 Rd2+ 42.Kg3 Rd1 43.Ra1 Rd4
44.Rc1 Rc5 45.Ra7+ Kd6 46.Ra6+ Ke5 47.Rb6 Rd7 48.Rb5 Rc7 49.Rd1 Kf6 50.Rxc5 Rxc5
51.Kf4 Ra5 52.Rc1 Ra3 53.Kg3 e5 54.Be2 Ra2 55.Bd1 Bd3 56.c5 Ra8 57.Bb3 Bf5
58.Bd5 Rc8 59.Kf2 Be6 60.Be4 Ke7 61.Ke3 f5 62.Bd3 Kf6 63.f4 e4 64.Be2 Rg8
65.c6 Ke7 66.c7 Bc8 67.Kf2 Kd6 68.Bb5 Bb7 69.Bc4 Rc8 70.Bf7 Rxc7 71.Rxc7 Kxc7
72.Bxh5 Kd6 73.Bg6 Ke6 74.h5 Kf6 75.Be8 Bd5 76.Bd7 Bf7 77.h6 Bg6 78.Ke3 Bh7
79.Be8 Bg6  1/2-1/2

[Event "TCh-AUT 2012-13"]
[Site "St.Veit AUT"]
[Date "2013.03.22"]
[Round "9.3"]
[White "Schneider,Il"]
[Black "Horvath,Cs1"]
[Result "1/2-1/2"]
[WhiteElo "2489"]
[BlackElo "2514"]

1.e4 c5 2.c3 Nf6 3.e5 Nd5 4.Nf3 e6 5.d4 cxd4 6.cxd4 d6 7.Bc4 Nb6 8.Bb3 dxe5
9.Nxe5 Nc6 10.Nxc6 bxc6 11.O-O Be7 12.Nc3 O-O 13.Bf4 Ba6 14.Re1 Bc4 15.Bc2 Nd7
16.Qf3 Bd5 17.Qh3 g6 18.Bh6 Re8 19.Nxd5 cxd5 20.Ba4 Bf6 21.Qd3 Re7 22.Bf4 Nb6
23.Bb5 a6 24.Bxa6 Rea7 25.Bb5 Rxa2 26.Rxa2 Rxa2 27.b3 Nc8 28.Rc1 Nd6 29.Ba4 Bg5
30.Qe3 Bxf4 31.Qxf4 Kg7 32.h3 Qf6 33.Qe5 Ne4 34.f3 Qxe5 35.dxe5 Ng3 36.Rc7 Kf8
37.Rc8+ Kg7 38.Rc7 d4 39.Bb5 h5 40.Rd7 Rd2 41.Bc4 h4 42.b4 Kf8 43.b5 Ke8
44.Ra7 Rb2 45.Ra8+ Ke7 46.Ra7+ Ke8 47.Ra8+ Ke7 48.Ra7+ Kd8 49.Rxf7 Rb4 50.Bd3 Rb2
51.Ra7  1/2-1/2

[Event "19th Schloss Open"]
[Site "Werther GER"]
[Date "2013.03.23"]
[Round "4.7"]
[White "Melamed,T"]
[Black "Schaffarczyk,A"]
[Result "1-0"]
[WhiteElo "2368"]
[BlackElo "2124"]

1.e4 c5 2.c3 Nf6 3.e5 Nd5 4.Bc4 e6 5.Nf3 Nc6 6.d4 cxd4 7.cxd4 d6 8.O-O Be7
9.Bd2 O-O 10.Nc3 Nxc3 11.Bxc3 dxe5 12.dxe5 Bd7 13.Qe2 Qb6 14.Rad1 Rfd8 15.Qe4 Nb4
16.Rd6 Bxd6 17.exd6 Qc5 18.Bxb4 Qxb4 19.Ng5 g6 20.Nxf7 Rf8 21.Ne5 Qxd6 22.Nxd7 Rf4
23.Qxe6+ Qxe6 24.Bxe6+ Kg7 25.g3 Rd4 26.Rc1 Re8 27.Rc7 Kh6 28.h4 Re7 29.Rxb7 Re4
30.Bh3 a5 31.Rb6 Rb4 32.Rxb4 axb4 33.Kf1 Kg7 34.a4 bxa3 35.bxa3 Re4 36.Nb6 Kf8
37.Bd7 Ke7 38.Bb5 Kd8 39.a4 Rb4 40.Nd5 Rb2 41.Nf6 h6 42.Ng4  1-0

[Event "TCh-BEL 2012-13"]
[Site "Buellingen BEL"]
[Date "2013.03.24"]
[Round "11.3"]
[White "De Wit,M"]
[Black "De Haan,E"]
[Result "1/2-1/2"]
[WhiteElo "2272"]
[BlackElo "2312"]

1.e4 c5 2.c3 Nf6 3.e5 Nd5 4.Nf3 e6 5.d4 cxd4 6.cxd4 d6 7.Nc3 Nxc3 8.bxc3 Qc7
9.Bd2 Nd7 10.Bd3 dxe5 11.O-O Bd6 12.Re1 O-O 13.Qe2 f5 14.Ng5 Nb6 15.dxe5 Be7
16.Qh5 Bxg5 17.Qxg5 Bd7 18.g4 Rae8 19.Rab1 Bc6 20.c4 fxg4 21.Qxg4 Qf7 22.Qh4 h6
23.Rb3 Rd8 24.Qg3 Qf3 25.Qxf3 Bxf3 26.Be3  1/2-1/2

[Event "44th Marcel Duchamp"]
[Site "Buenos Aires ARG"]
[Date "2013.03.24"]
[Round "3.4"]
[White "Tovillas,D"]
[Black "Perez Ponsa,F"]
[Result "0-1"]
[WhiteElo "2204"]
[BlackElo "2476"]

1.e4 c5 2.c3 Nf6 3.e5 Nd5 4.d4 cxd4 5.Bc4 Qc7 6.Qe2 Nb6 7.Bd3 Nc6 8.Nf3 d5
9.exd6 Qxd6 10.Nxd4 Nxd4 11.cxd4 g6 12.Nc3 Bg7 13.O-O O-O 14.Nb5 Qd8 15.Bg5 Be6
16.Rfd1 Nd5 17.Nc3 Nxc3 18.bxc3 Rc8 19.Qb2 h6 20.Be3 b6 21.Rac1 Bc4 22.Bb1 e6
23.Qa3 Qc7 24.f3 Rfd8 25.Re1 Rd5 26.Qb2 Rh5 27.h3 Ra5 28.Qd2 Kh7 29.Bf4 Qd7
30.Kh1 Rd8 31.Qf2 Qa4 32.Rc2 Bd3 33.Rb2 Bxb1 34.Rexb1 Rc8 35.Qd2 Qc4 36.Rb3 Qd5
37.Re1 Qf5 38.Re2 Rc4 39.Bd6 g5 40.Bb8 Bf6 41.Bg3 Kg7 42.Bb8 Rc8 43.Bg3 Rd5
44.Qe3 Rc4 45.Qe4 b5 46.Ra3 a5 47.Rxa5 Rxc3 48.Qxf5 exf5 49.Be5 Rc1+ 50.Kh2 f4
51.h4 Bxe5 52.Rxe5 Rxd4 53.Kh3 Kf6  0-1

[Event "36th San Sebastian Open"]
[Site "Donostia ESP"]
[Date "2013.03.24"]
[Round "3.7"]
[White "Hernandez,Elvi"]
[Black "Panelo,M"]
[Result "1/2-1/2"]
[WhiteElo "2288"]
[BlackElo "2429"]

1.e4 c5 2.c3 Nf6 3.e5 Nd5 4.d4 cxd4 5.Nf3 Nc6 6.cxd4 d6 7.Bc4 Nb6 8.Bb3 dxe5
9.d5 Na5 10.Nc3 Bg4 11.Be3 Bxf3 12.gxf3 Nxb3 13.Qxb3 g6 14.O-O Bg7 15.Rfd1 O-O
16.Ne4 Nc8 17.Qxb7 Nd6 18.Qa6 Qd7 19.Nxd6 exd6 20.Qe2 Rab8 21.Rac1 e4 22.b3 Rfe8
23.Rc4 Qf5 24.Kg2 Qh5 25.Rd2 Qh4 26.Rxe4 Rxe4 27.fxe4 Be5 28.h3 Qxe4+ 29.Qf3 Qb1
30.Bh6 Rc8 31.Re2 Qd1 32.Re3 Qd4 33.Qe4 Qd1 34.Re1 Qh5 35.Be3 Rc3 36.Qf3 Qh4
37.Rc1 Rxc1 38.Qg4 Qh5  1/2-1/2

[Event "36th San Sebastian Open"]
[Site "Donostia ESP"]
[Date "2013.03.24"]
[Round "3.18"]
[White "Sanz Rodero,M"]
[Black "Schuettler,T"]
[Result "1-0"]
[WhiteElo "2110"]
[BlackElo "1993"]

1.e4 c5 2.c3 Nf6 3.e5 Nd5 4.d4 cxd4 5.Nf3 e6 6.cxd4 d6 7.Bc4 Nc6 8.O-O Be7
9.Qe2 O-O 10.Nc3 Nxc3 11.bxc3 dxe5 12.dxe5 Qc7 13.Qe4 Rd8 14.Re1 Bd7 15.Bd3 g6
16.Bg5 Bxg5 17.Nxg5 Kg7 18.Qf4 Be8 19.Re3 Nxe5 20.Rh3 h5 21.Bxg6 Qd6 22.Bc2 Ng6
23.Qf3 Nf4 24.Rg3 Kf8 25.Ne4 Qc7 26.Qe3 Ke7 27.Rf3 Nd5 28.Qg5+ Kd7 29.Qxh5 Qc4
30.Bd3 Qc6 31.c4 Nb4 32.Nf6+ Kc8 33.Be4 Qxc4 34.Nxe8 Qxe4 35.Qc5+ Nc6 36.Nd6+  1-0

[Event "TCh-AUT 2012-13"]
[Site "St.Veit AUT"]
[Date "2013.03.24"]
[Round "11.3"]
[White "Skoberne,J"]
[Black "Siebrecht,S"]
[Result "1-0"]
[WhiteElo "2549"]
[BlackElo "2481"]

1.e4 c5 2.c3 Nf6 3.e5 Nd5 4.d4 cxd4 5.Nf3 Nc6 6.cxd4 d6 7.Bc4 Nb6 8.Bb5 Bd7
9.exd6 e6 10.Nc3 a6 11.Bd3 Bxd6 12.a3 Be7 13.O-O O-O 14.Ne4 Bc8 15.b4 Nxd4
16.Bb2 Nf5 17.Rc1 Bd7 18.Qe2 Nd5 19.g3 Rc8 20.Nc5 Bc6 21.Ne5 Bxc5 22.Rxc5 Be8
23.Rd1 Nfe7 24.Qg4 Ng6 25.Qd4 Rxc5 26.Nxg6 Qf6 27.Qxc5  1-0

[Event "36th San Sebastian Open"]
[Site "Donostia ESP"]
[Date "2013.03.27"]
[Round "6.1"]
[White "Alsina Leal,D"]
[Black "Vocaturo,D"]
[Result "1/2-1/2"]
[WhiteElo "2515"]
[BlackElo "2511"]

1.e4 c5 2.c3 Nf6 3.e5 Nd5 4.d4 cxd4 5.cxd4 d6 6.Nf3 Nc6 7.Bc4 Nb6 8.Bb5 d5
9.Nc3 Bf5 10.O-O e6 11.Bg5 Be7 12.Bxe7 Qxe7 13.Na4 Nxa4 14.Qxa4 O-O 15.Rac1 Be4
16.Rc3 Rac8 17.g3 Bxf3 18.Rxf3 a6 19.Bxc6 Rxc6 20.Rc3 Rxc3 21.bxc3 Rc8 22.Rb1 h5
23.Rb3 h4 24.Kg2 Rc4 25.Qa5 Kh7 26.g4 Qg5 27.h3 Qf4 28.Qd8 g5 29.Qa5 Qe4+
30.Kg1 Qf3 31.Rxb7 Rc8 32.Qb4 Kg6 33.Qb1+ Kh6 34.Rb8 Qxc3 35.Rxc8 Qxc8 36.Qb4 Kg7
37.Qd2 Qd8 38.Kg2 Qe7 39.Qa5 Qa7 40.Qd8 Qxd4 41.Qxg5+ Kf8 42.Qd8+ Kg7 43.Qg5+ Kf8
44.Qd8+ Kg7 45.Qf6+ Kg8 46.Qg5+  1/2-1/2

[Event "36th San Sebastian Open"]
[Site "Donostia ESP"]
[Date "2013.03.28"]
[Round "7.14"]
[White "Prieto Martin,A"]
[Black "Abalia Patino,Aritz"]
[Result "1-0"]
[WhiteElo "2181"]
[BlackElo "1658"]

1.e4 c5 2.c3 Nf6 3.e5 Nd5 4.d4 d6 5.Nf3 Nc6 6.exd6 exd6 7.Bc4 Nb6 8.Bb3 Bg4
9.O-O Be7 10.Be3 O-O 11.Bc2 Nd7 12.Re1 Qb6 13.b4 Nf6 14.h3 Be6 15.a4 Rad8
16.Nbd2 Nd5 17.b5 Nxc3 18.Bxh7+ Kh8 19.Qc2 Nxd4 20.Bxd4 cxd4 21.Bd3 Rc8 22.Qb2 a5
23.Ne4 Nxe4 24.Rxe4 Bf6 25.Qe2 g6 26.Rf4 Kg7 27.Re1 Rh8 28.Qd2 Rh5 29.Bf1 Rf5
30.Nxd4 Bxd4 31.Qxd4+ Qxd4 32.Rxd4 d5 33.g3 Rc5 34.Bd3 Rh5 35.h4 b6 36.Kg2 Kf6
37.Re2 Ke7 38.Rd2 Kd6 39.Be2 Rh8 40.Bf3 Rhc8 41.g4 Rc4 42.h5 Rxd4 43.Rxd4 gxh5
44.gxh5 Rc4 45.Rxc4 dxc4 46.Be4 Bd5 47.Kf3 c3 48.h6 c2 49.h7 c1=Q 50.h8=Q Bxe4+
51.Kxe4 Qc2+ 52.Ke3 Qb3+ 53.Ke2 Qe6+ 54.Kd3 Qf5+ 55.Ke3 Qe5+ 56.Qxe5+ Kxe5
57.Kd3 f5 58.Ke3 Ke6 59.Kf4 Kf6 60.f3 Ke6 61.Kg5 Ke5 62.Kg6 f4 63.Kg5 Kd5
64.Kxf4 Kc5 65.Ke4 Kb4 66.f4 Kxa4 67.f5 Kxb5 68.f6 Ka4 69.f7 b5 70.f8=Q b4
71.Qc5 b3 72.Kd3  1-0

[Event "7th Philadelphia Open"]
[Site "Philadelphia USA"]
[Date "2013.03.28"]
[Round "2"]
[White "Wang,K"]
[Black "Williams,Justus D"]
[Result "1-0"]
[WhiteElo "2276"]
[BlackElo "2188"]

1.e4 c5 2.c3 Nf6 3.e5 Nd5 4.Nf3 e6 5.Bc4 Nb6 6.Bb3 Nc6 7.O-O c4 8.Bc2 g5
9.d4 cxd3 10.Qxd3 g4 11.Bg5 Be7 12.Bxe7 Qxe7 13.Nfd2 Nxe5 14.Qd4 f6 15.c4 Qg7
16.Kh1 O-O 17.Nc3 Nc6 18.Qd6 Ne5 19.Bb3 Nf7 20.Qc7 d6 21.Nde4 Rd8 22.Qe7 f5
23.Nf6+ Kh8 24.c5 dxc5 25.Nh5 Qf8 26.Qf6+ Kg8 27.Bxe6 Bxe6 28.Qxe6 Rd6 29.Qxf5 Qc8
30.Nf6+ Kf8 31.Qf4 Rd4 32.Nxh7+ Kg7 33.Qf6+ Kxh7 34.Qxf7+ Kh8 35.Rae1 Rd7
36.Qf6+ Kg8 37.Re5 Rg7 38.Ne4 Qf8 39.Qe6+ Qf7 40.Nf6+ Kf8 41.Qd6+  1-0

[Event "ch-WLS 2013"]
[Site "Cardiff WLS"]
[Date "2013.03.29"]
[Round "1.14"]
[White "Thomas,Ben"]
[Black "Kirby,Pe"]
[Result "0-1"]
[WhiteElo "1713"]
[BlackElo "2007"]

1.e4 c5 2.c3 Nf6 3.e5 Nd5 4.d4 cxd4 5.Nf3 d6 6.cxd4 e6 7.Bc4 Nc6 8.O-O Be7
9.Nc3 Nxc3 10.bxc3 dxe5 11.Bb5 exd4 12.Bxc6+ bxc6 13.Nxd4 Qc7 14.Qf3 Bb7
15.Bf4 Bd6 16.Bxd6 Qxd6 17.Rad1 O-O 18.Rd3 Ba6 19.Rdd1 Bxf1 20.Rxf1 Qd5 21.Qe2 e5
22.Nf5 Qe6 23.Qe4 Rfe8 24.Re1 Rad8 25.h3 Rd2 26.Qg4 g6 27.Qg5 Rxa2 28.g4 f6
29.Nh6+ Kg7 30.Qh4 Qc4 31.Rb1 Re7 32.Rb8 Ra1+ 33.Kg2 Qe4+ 34.f3 Ra2+ 35.Kg1 Qe3+
36.Kf1 Qe2+ 37.Kg1 Qg2+  0-1

[Event "36th San Sebastian Open"]
[Site "Donostia ESP"]
[Date "2013.03.29"]
[Round "8.29"]
[White "Fuente San Sebastian,E"]
[Black "Schuettler,T"]
[Result "0-1"]
[WhiteElo "1838"]
[BlackElo "1993"]

1.e4 c5 2.c3 Nf6 3.e5 Nd5 4.Nf3 e6 5.d4 cxd4 6.cxd4 d6 7.Bc4 Nc6 8.O-O Be7
9.Bd2 O-O 10.Nc3 Nxc3 11.Bxc3 dxe5 12.dxe5 Qxd1 13.Rfxd1 Rd8 14.Rxd8+ Bxd8
15.Rd1 Kf8 16.Bb4+ Ke8 17.Bd6 Bd7 18.Nd2 Ne7 19.Ne4 Bc6 20.Nc3 Rc8 21.Bd3 Nd5
22.Nxd5 Bxd5 23.Bb5+ Bc6 24.Rc1 Kd7 25.Bxc6+ Rxc6 26.Rxc6 Kxc6 27.Kf1 Kd5
28.Ke2 Bb6 29.b3 Bd4 30.Bb8 a6 31.f4 Ke4 32.g3 h5 33.Bd6 h4  0-1

[Event "e2e4 Dublin Masters"]
[Site "Dublin IRL"]
[Date "2013.03.29"]
[Round "3"]
[White "Kalinins,Valentine"]
[Black "Daly,C"]
[Result "0-1"]
[WhiteElo "2074"]
[BlackElo "2340"]

1.e4 c5 2.c3 Nf6 3.e5 Nd5 4.d4 cxd4 5.Nf3 Nc6 6.cxd4 d6 7.Bc4 Nb6 8.Bb5 d5
9.a4 Bd7 10.O-O e6 11.a5 Nc8 12.a6 Rb8 13.axb7 Rxb7 14.Nc3 Be7 15.Ba6 Rb8
16.Na4 Nb4 17.Be2 Bb5 18.Nc3 Bxe2 19.Qxe2 O-O 20.Bd2 Nc6 21.Rfb1 Qb6 22.Ra6 Nxd4
23.Nxd4 Qxd4 24.Nb5 Rxb5 25.Qxb5 Qxd2 26.Rc6 Qb4 27.Qa6 Qb8 28.g3 Nb6 29.b3 Nc4
30.Rc1 Qxb3 31.Qxa7 Bg5 32.f4 Bd8 33.Qa1 Qe3+ 34.Kg2 Qe2+ 35.Kg1 Ne3 36.R1c2 Nxc2
37.Qb2 Qe1+ 38.Kg2 Ne3+ 39.Kf3 Nc4 40.Qd4 Nd2+ 41.Kg4 g6 42.Qd3 Ne4 43.Rc2 Nf2+
44.Rxf2 Qxf2 45.Qxd5 exd5  0-1

[Event "Pobeskydi Open 2013"]
[Site "Frydek-Mistek CZE"]
[Date "2013.03.29"]
[Round "4"]
[White "Cisarik,P"]
[Black "Marikova,J"]
[Result "1/2-1/2"]
[WhiteElo "1741"]
[BlackElo "1980"]

1.e4 c5 2.c3 Nf6 3.e5 Nd5 4.d4 cxd4 5.Nf3 Nc6 6.cxd4 d6 7.Bc4 dxe5 8.dxe5 e6
9.O-O Be7 10.Nc3 Nxc3 11.Qxd8+ Bxd8 12.bxc3 Ba5 13.Bd2 O-O 14.Rac1 a6 15.Be3 Bc7
16.Bc5 Rd8 17.Rfe1 b6 18.Bd4 Bb7 19.Bd3 Nxd4 20.cxd4 Bxf3 21.Rxc7 Rxd4 22.Bxa6 Bd5
23.Bb7 Bxb7 24.Rxb7 Rb4 25.g3 g6 26.Rd1 Rb2 27.Rdd7 Rf8 28.Rd6  1/2-1/2

[Event "Easter Open 2013"]
[Site "Oberhausen GER"]
[Date "2013.03.31"]
[Round "5.3"]
[White "Zaitsev,Mikhail1"]
[Black "Limbourg,P"]
[Result "1-0"]
[WhiteElo "2515"]
[BlackElo "2206"]

1.e4 c5 2.c3 Nf6 3.e5 Nd5 4.d4 cxd4 5.Nf3 e6 6.cxd4 d6 7.Bc4 Nc6 8.O-O Be7
9.Re1 O-O 10.a3 Bd7 11.Nbd2 b5 12.Ba2 b4 13.Ne4 f5 14.Bxd5 fxe4 15.Bxe4 d5
16.Bb1 Be8 17.Qc2 Rf5 18.Be3 Rc8 19.Qe2 Rf8 20.Nd2 bxa3 21.bxa3 Qb6 22.Qg4 Na5
23.Nf3 Rc3 24.h4 Nc4 25.a4 Na3 26.h5 Nxb1 27.Raxb1 Qa6 28.Rb8 Bf7 29.Bh6 g6
30.Bxf8 Bxf8 31.Ng5 Rc8 32.Qf4 Be8 33.Rxc8 Qxc8 34.Nxh7 Kxh7 35.Qxf8 Qc3
36.Re3 Qa1+ 37.Kh2  1-0